000 00854nam a2200253Ia 4500
003 OSt
005 20220923215124.0
006 a|||||r|||| 00| 0
007 ta
008 220922b |||||||| |||| 00| 0 hin d
024 _a175,765
037 _cTextual
040 _aARTS
_cARTS
_bhin
041 _2hin
_ahin
082 _aO152,1:gN3, L7
100 _aमिश्र, पवन कुमार
245 0 _aप्रयोगवादी काव्य
246 _aPrayogavādī kāvya
260 _aभोपाल
_b मध्य प्रदेश हिन्दी ग्रंथ अकादमी
_c1977
300 _a353 पृ.
_ccm.
650 _aहिन्दी साहित्य
_9156264
942 _hO152,1:gN3, L7
_cTEXL
_2CC
999 _c329467
_d329467